| 000 | 00000nam##2200000za#4500 |
| 001 | 9.601995 |
| 003 | CaOODSP |
| 005 | 20220808101245 |
| 007 | cr ||||||||||| |
| 008 | 150406|2001||||xxc|||||o f|0| 0 fre|d |
| 040 | |aCaOODSP|bfre |
| 043 | |an-cn--- |
| 086 | 1 |aEn40-215/61F-PDF |
| 110 | 1 |aCanada. |bEnvironnement Canada. |
| 245 | 10|aFormaldéhyde / |h[ressource électronique]|cpublié en collaboration avec Santé Canada. |
| 246 | 1 |aLoi canadienne sur la protection de l'environnement (1999) |
| 260 | |aOttawa - Ontario : |bEnvironnement Canada |cFévrier 2001. |
| 300 | |a123p.|bfigures, graphique, références, tableaux |
| 490 | 1 |aListe des substances d'intérêt prioritaire, rapport d'évaluation |
| 500 | |aLe n° de catalogue (En40-215/61F) et l'ISBN (0-662-85120-X) de l'édition imprimée ont été incorrectement copiés dans l'édition électronique. |
| 590 | |a11-14-Supp|b2011-08-12 |
| 775 | 08|tFormaldehyde / |w(CaOODSP)9.571381 |
| 776 | 0#|tFormaldéhyde |w(CaOODSP)9.625447 |
| 830 | #0|aListe des substances d'intérêt prioritaire, rapport d'évaluation.|w(CaOODSP)9.500862 |
| 856 | 40|ahttp://publications.gc.ca|qPDF|s794 Ko|uhttps://publications.gc.ca/collections/Collection/En40-215-61F.pdf |